000 01337cam a2200325 a 4500
001 14626113
003 PILC
005 20160113140408.0
008 061106s2007 nyua j 000 1 eng
010 _a 2006938027
020 _a9781416936084 (pbk.)
020 _a1416936084 (pbk.)
040 _aDLC
_cDLC
_dDLC
050 0 0 _aPZ 7
_b.T233 2007
082 0 0 _aFIC
_bT325 2007
100 1 _aTeitelbaum, Michael.
_919928
245 1 4 _aThe tale of azula
_cMichael Teitelbaum ; based on original screenplays written for Avatar: the last airbender ; illustrated by Patrick Spaziante.
250 _a1st ed.
260 _aNew York, N.Y. :
_bSimon Spotlight/Nickelodeon,
_c2007.
300 _a89 p. :
_bill. ;
_c20 cm.
490 0 _aAvatar, the last airbender. The Earth kingdom chronicles ;
_v#2
700 1 _aSpaziante, Patrick.
_922308
710 2 _aNickelodeon (Television network)
_922309
730 0 _aAvatar, the last airbender (Television program)
_922310
856 4 2 _3Publisher description
_uhttp://www.loc.gov/catdir/enhancements/fy0710/2006938027-d.html
906 _a7
_bcbc
_corignew
_d2
_eepcn
_f20
_gy-gencatlg
942 _2lcc
_cBK
999 _c12469
_d12469